<?xml version="1.0" encoding="UTF-8"?>
<record
    xmlns:xsi="http://www.w3.org/2001/XMLSchema-instance"
    xsi:schemaLocation="http://www.loc.gov/MARC21/slim http://www.loc.gov/standards/marcxml/schema/MARC21slim.xsd"
    xmlns="http://www.loc.gov/MARC21/slim">

  <leader>01272nam a22002897a 4500</leader>
  <controlfield tag="005">2012120502452.0</controlfield>
  <controlfield tag="008">090408t        xxu||||| |||| 00| 0 hin d</controlfield>
  <datafield tag="010" ind1=" " ind2=" ">
    <subfield code="a">HIN-97573</subfield>
  </datafield>
  <datafield tag="020" ind1=" " ind2=" ">
    <subfield code="c">195.00</subfield>
    <subfield code="a">978819055467x</subfield>
  </datafield>
  <datafield tag="035" ind1=" " ind2=" ">
    <subfield code="a">HN-69919</subfield>
  </datafield>
  <datafield tag="037" ind1=" " ind2=" ">
    <subfield code="b">DBAD / PUB</subfield>
  </datafield>
  <datafield tag="040" ind1=" " ind2=" ">
    <subfield code="a">DPL</subfield>
    <subfield code="b">HN</subfield>
  </datafield>
  <datafield tag="082" ind1=" " ind2=" ">
    <subfield code="a">821</subfield>
  </datafield>
  <datafield tag="100" ind1=" " ind2=" ">
    <subfield code="9">27482</subfield>
    <subfield code="a">&#x91C;&#x94C;&#x932;&#x940;, &#x935;&#x93F;&#x915;&#x93E;&#x938;</subfield>
  </datafield>
  <datafield tag="245" ind1=" " ind2=" ">
    <subfield code="a">&#x916;&#x941;&#x926;&#x940; &#x938;&#x947; &#x916;&#x941;&#x926;&#x93E; &#x924;&#x915; /</subfield>
    <subfield code="c">&#x935;&#x93F;&#x915;&#x93E;&#x938; &#x91C;&#x94C;&#x932;&#x940;</subfield>
  </datafield>
  <datafield tag="246" ind1=" " ind2=" ">
    <subfield code="a">Khudi se Khuda tak</subfield>
    <subfield code="b">by Vikash Jooli</subfield>
  </datafield>
  <datafield tag="260" ind1=" " ind2=" ">
    <subfield code="b">&#x926;&#x93F;&#x932;&#x94D;&#x932;&#x940; &#x92C;&#x941;&#x915; &#x92C;&#x94D;&#x92F;&#x942;&#x930;&#x94B;</subfield>
    <subfield code="c">2011</subfield>
    <subfield code="a">&#x92A;&#x902;&#x91A;&#x915;&#x942;&#x932;&#x93E;  (&#x939;&#x930;&#x93F;&#x92F;&#x93E;&#x923;&#x93E;)</subfield>
  </datafield>
  <datafield tag="270" ind1=" " ind2=" ">
    <subfield code="a">&#x90F;&#x938;.&#x938;&#x940;.&#x913; 43-&#x92A;&#x939;&#x932;&#x940; &#x92E;&#x902;&#x91C;&#x93F;&#x932;, &#x938;&#x94D;&#x935;&#x93E;&#x938;&#x94D;&#x924;&#x93F;&#x915; &#x935;&#x93F;&#x939;&#x93E;&#x930; &#x92E;&#x928;&#x938;&#x93E; &#x926;&#x947;&#x935;&#x940; &#x915;&#x93E;&#x92E;&#x94D;&#x92A;&#x932;&#x948;&#x915;&#x94D;&#x938;</subfield>
    <subfield code="b">&#x92A;&#x902;&#x91A;&#x915;&#x942;&#x932;&#x93E; (&#x939;&#x930;&#x93F;&#x92F;&#x93E;&#x923;&#x93E;</subfield>
  </datafield>
  <datafield tag="300" ind1="1" ind2=" ">
    <subfield code="a">104&#x92A;&#x943;.</subfield>
    <subfield code="c">22&#x938;&#x947;&#x92E;&#x940; (&#x938;&#x91C;&#x93F;&#x932;&#x94D;&#x926;)</subfield>
  </datafield>
  <datafield tag="650" ind1=" " ind2=" ">
    <subfield code="9">1169</subfield>
    <subfield code="a">&#x939;&#x93F;&#x928;&#x94D;&#x926;&#x940; &#x915;&#x935;&#x93F;&#x924;&#x93E;&#x90F;&#x901;</subfield>
  </datafield>
  <datafield tag="650" ind1=" " ind2=" ">
    <subfield code="9">54059</subfield>
    <subfield code="a">Hindi Poetry</subfield>
  </datafield>
  <datafield tag="700" ind1=" " ind2=" ">
    <subfield code="9">27483</subfield>
  </datafield>
  <datafield tag="710" ind1=" " ind2=" ">
    <subfield code="9">52094</subfield>
  </datafield>
  <datafield tag="711" ind1=" " ind2=" ">
    <subfield code="9">52444</subfield>
  </datafield>
  <datafield tag="942" ind1=" " ind2=" ">
    <subfield code="a">dpl</subfield>
    <subfield code="c">HN</subfield>
    <subfield code="2">ddc</subfield>
    <subfield code="m">&#x91C;&#x94C;&#x932;&#x940;&#x935;&#x93F;</subfield>
    <subfield code="h">821</subfield>
  </datafield>
  <datafield tag="999" ind1=" " ind2=" ">
    <subfield code="c">71863</subfield>
    <subfield code="d">71863</subfield>
  </datafield>
  <datafield tag="952" ind1=" " ind2=" ">
    <subfield code="0">0</subfield>
    <subfield code="1">0</subfield>
    <subfield code="2">ddc</subfield>
    <subfield code="4">0</subfield>
    <subfield code="7">1</subfield>
    <subfield code="8">NFIC</subfield>
    <subfield code="a">DBAD</subfield>
    <subfield code="b">DBAD</subfield>
    <subfield code="d">2012-12-05</subfield>
    <subfield code="e">DBAD / PUB</subfield>
    <subfield code="g">195.00</subfield>
    <subfield code="l">0</subfield>
    <subfield code="o">821 &#x91C;&#x94C;&#x932;&#x940;&#x935;&#x93F;</subfield>
    <subfield code="p">HN-69919</subfield>
    <subfield code="r">2012-12-05 00:00:00</subfield>
    <subfield code="t">1</subfield>
    <subfield code="v">195.00</subfield>
    <subfield code="w">2012-12-05</subfield>
    <subfield code="y">HN</subfield>
  </datafield>
</record>
